| 000 | 00833nam a2200205 a 4500 | ||
|---|---|---|---|
| 003 | 0 | ||
| 005 | 20250404092438.0 | ||
| 008 | 050809s19uu xx 00 eng d | ||
| 050 |
_aPGS TX 553.W3.P74 _b.L191 2005 |
||
| 100 | _aLajada, Airon Fredric D.L. | ||
| 245 |
_aBottled water preferences among the families of lower school students of Southville International School and Colleges / _cAiron Fredric D.L. Lajada. |
||
| 260 |
_aLas PiƱas City, Philippines : _bSouthville International School and Colleges, _c2005. |
||
| 300 |
_a26 pages : _billustrations ; _c28 cm. |
||
| 504 | _aIncludes bibliographic references. | ||
| 650 |
_aBottled water _vConsumer preferences. |
||
| 650 |
_aDrinking water _vQuality. |
||
| 650 |
_aConsumer behavior _vBottled water. |
||
| 650 |
_aWater consumption _vHouseholds. |
||
| 942 |
_2lcc _cPASS |
||
| 999 |
_c97384 _d97384 |
||